[Event "IND-ch Challengers (Women) 43rd"]
[Site "Chennai"]
[Date "2016.06.24"]
[Round "10"]
[White "Mahima, Sherigar"]
[Black "Parvathy, SL."]
[Result "0-1"]
[WhiteElo "1373"]
[BlackElo "1577"]
[PlyCount "106"]
[EventDate "2016.06.17"]
[EventType "swiss"]
[EventRounds "11"]
[EventCountry "IND"]
[SourceTitle "CBM 173 Extra"]
[Source "ChessBase"]
[SourceDate "2016.08.29"]
[SourceVersion "1"]
[SourceVersionDate "2016.08.29"]
[SourceQuality "1"]

1. d4 d5 2. c4 e6 3. Nc3 Nf6 4. Nf3 b6 5. e3 Bb7 6. Bd3 Be7 7. Qc2 dxc4 8. Bxc4 0-0 9. 0-0 c5 10. Be2 Nc6 11. Rd1 cxd4 12. exd4 Rc8 13. a3 a6 14. Bf4 b5 15. Qb1 Na5 16. Qa2 Nd5 17. Bd2 Nxc3 18. bxc3 Bd5 19. Qb2 Nb3 20. Rab1 Nxd2 21. Nxd2 Qa5 22. a4 bxa4 23. c4 Bc6 24. Qb6 Bd8 25. Qb2 Bf6 26. Qa3 Bxd4 27. Kf1 Qc5 28. Qg3 Be5 29. Qh3 a3 30. Nb3 Qe7 31. Bd3 g6 32. Rd2 Bb2 33. Bc2 Qf6 34. Re1 Bc3 35. Rdd1 Bxe1 36. Rxe1 Ba4 37. Na1 Bxc2 38. Nxc2 Rxc4 39. Nxa3 Rc6 40. Qb3 Rfc8 41. Qb7 Qc3 42. Nb1 Qd3+ 43. Kg1 Rc1 44. Qb4 Rxe1+ 45. Qxe1 Qc2 46. Nd2 Rd8 47. Nf1 Rd1 48. Qe5 Rxf1+ 49. Kxf1 Qd1+ 50. Qe1 Qxe1+ 51. Kxe1 Kf8 52. Kd2 Ke7 53. Ke3 Kd6 0-1

[Event "IND-ch Challengers (Women) 43rd"]
[Site "Chennai"]
[Date "2016.06.22"]
[Round "8"]
[White "Mahima, Sherigar"]
[Black "Makhija, Aashna"]
[Result "0-1"]
[WhiteElo "1373"]
[BlackElo "1764"]
[PlyCount "78"]
[EventDate "2016.06.17"]
[EventType "swiss"]
[EventRounds "11"]
[EventCountry "IND"]
[SourceTitle "CBM 173 Extra"]
[Source "ChessBase"]
[SourceDate "2016.08.29"]
[SourceVersion "1"]
[SourceVersionDate "2016.08.29"]
[SourceQuality "1"]

1. d4 Nf6 2. c4 c5 3. d5 b5 4. cxb5 a6 5. bxa6 g6 6. Nc3 Bxa6 7. e4 Bxf1 8. Kxf1 d6 9. g3 Bg7 10. Kg2 0-0 11. Nf3 Nbd7 12. Re1 Qb6 13. h3 Rfb8 14. Re2 Ne8 15. Bf4 Rb7 16. Ne1 Nc7 17. Nd3 Nb5 18. Nxb5 Qxb5 19. a3 Qb3 20. Qd2 c4 21. Ne1 c3 22. bxc3 Bxc3 23. Rb1 Bxd2 24. Rxb3 Rxb3 25. Rxd2 Raxa3 26. Bh6 Nc5 27. Rc2 f6 28. h4 Kf7 29. f3 Ra1 30. Kf2 Rbb1 31. Bd2 Rb3 32. Ke2 Raa3 33. Bh6 Nd3 34. Nxd3 Rxd3 35. Rc8 e5 36. Rc7+ Ke8 37. Rxh7 Rxf3 38. g4 Rh3 39. Bd2 Ra2 0-1